| 000 | 01344nam a2200289Ia 4500 | ||
|---|---|---|---|
| 999 |
_c50696 _d50696 |
||
| 001 | 17647 | ||
| 003 | GE_BSU | ||
| 005 | 20190422153304.0 | ||
| 008 | 181216s2015||||ge |||||||||||||| ||und|| | ||
| 020 | _a978-9941-10-992-8 | ||
| 040 | _cGE_BSU | ||
| 041 | _ageo | ||
| 080 | _a94(479.223) ზ-86 | ||
| 100 |
_aზოსიძე, ნ. (ნიაზ) _9141 |
||
| 245 | _aაჭარა - ფარი საქართველოისა / | ||
| 245 | _c ნიაზ ზოსიძე ; რედ : მამია ფაღავა, ზაზა შაშიკაძე ; ფოტო სეირან ბაროიანი | ||
| 264 |
_aთბილისი : _bმერიდიანი, _c2015. |
||
| 300 |
_a292 გვ ; _b20 სმ. |
||
| 504 | _aბიბლიოგრ.: გვ. 290-291 | ||
| 653 | _aაჭარა - ფარი საქართველოისა | ||
| 653 | _aაჭარის მხატვრულ დოკუმენტური ისტორია | ||
| 653 | _aისტორია | ||
| 700 |
_aფაღავა, მამია _9142 _eრედაქტორი |
||
| 700 |
_aშაშიკაძე, ზაზა _9143 _eრედაქტორი |
||
| 700 |
_aბაროიანი,სეირან _9144 _eმხატვარი |
||
| 942 |
_cBK _2udc |
||